MARC details
| 000 -LEADER |
| fixed length control field |
01365pam a2200349 a 4500 |
| 001 - CONTROL NUMBER |
| control field |
7206 |
| 003 - CONTROL NUMBER IDENTIFIER |
| control field |
BD-DhEWU |
| 005 - DATE AND TIME OF LATEST TRANSACTION |
| control field |
20190508020002.0 |
| 008 - FIXED-LENGTH DATA ELEMENTS--GENERAL INFORMATION |
| fixed length control field |
130925r19931986mnu g b s001 0 eng d |
| 020 ## - INTERNATIONAL STANDARD BOOK NUMBER |
| International Standard Book Number |
0816623112 (US : acidfree paper) |
|
| International Standard Book Number |
0862325536 (UK : acidfree paper) |
| 035 ## - SYSTEM CONTROL NUMBER |
| System control number |
(OCoLC) 802830873 |
| 040 ## - CATALOGING SOURCE |
| Original cataloging agency |
DLC |
| Transcribing agency |
DLC |
| Modifying agency |
BD-DhEWU |
| Language of cataloging |
eng |
| 041 ## - LANGUAGE CODE |
| Language code of text/sound track or separate title |
eng |
| 050 00 - LIBRARY OF CONGRESS CALL NUMBER |
| Classification number |
D883 |
| Item number |
.C455 1993 |
| 082 04 - DEWEY DECIMAL CLASSIFICATION NUMBER |
| Classification number |
320.91724 CHN |
| Edition number |
20 |
| Item number |
1986 |
| 100 1# - MAIN ENTRY--PERSONAL NAME |
| Personal name |
Chatterjee, Partha, |
| 9 (RLIN) |
2330 |
| 245 10 - TITLE STATEMENT |
| Title |
Nationalist thought and the colonial world : |
| Remainder of title |
a derivative discourse / |
| Statement of responsibility, etc |
Partha Chatterjee. |
| 260 ## - PUBLICATION, DISTRIBUTION, ETC. (IMPRINT) |
| Place of publication, distribution, etc |
Minneapolis : |
| Name of publisher, distributor, etc |
University of Minnesota Press, |
| Date of publication, distribution, etc |
1986. |
| 300 ## - PHYSICAL DESCRIPTION |
| Extent |
viii, 181 p. ; |
| Dimensions |
22 cm. |
| 500 ## - GENERAL NOTE |
| General note |
Originally published: London : Zed Books for the United Nations University, 1986. |
| 504 ## - BIBLIOGRAPHY, ETC. NOTE |
| Bibliography, etc |
Includes bibliographical references (p. 172-176) and index. |
| 526 ## - STUDY PROGRAM INFORMATION NOTE |
| Program name |
English |
| 590 ## - LOCAL NOTE (RLIN) |
| Local note |
Tahur Ahmed |
| 650 #0 - SUBJECT ADDED ENTRY--TOPICAL TERM |
| Topical term or geographic name as entry element |
Nationalism |
| Geographic subdivision |
Developing countries. |
| Source of heading or term |
SLSH |
| 9 (RLIN) |
2331 |
| 651 #0 - SUBJECT ADDED ENTRY--GEOGRAPHIC NAME |
| Geographic name |
Developing countries |
| General subdivision |
Politics and government. |
| 9 (RLIN) |
2332 |
| 856 ## - ELECTRONIC LOCATION AND ACCESS |
| Materials specified |
OCLC |
| Uniform Resource Identifier |
http://www.worldcat.org/title/nationalist-thought-and-the-colonial-world-a-derivative-discourse/oclc/802830873&referer=brief_results |
|
| Materials specified |
Ebook Fulltext |
| Uniform Resource Identifier |
http://lib.ewubd.edu/ebook/7206 |
| 942 ## - ADDED ENTRY ELEMENTS (KOHA) |
| Source of classification or shelving scheme |
Dewey Decimal Classification |
| Koha item type |
Text |
| Koha issues (borrowed), all copies |
3 |